| 000 | 00819nam a2200301Ia 4500 | ||
|---|---|---|---|
| 008 | 160803s9999 xx 000 0 und d | ||
| 020 | _a9780439851947 | ||
| 100 | _aMiller, Debbie | ||
| 245 | _aAre trees alive? / | ||
| 245 | _cDebbie S. Miller ; illustrations by Stacey Schuett. | ||
| 260 | _aNew York : | ||
| 260 | _bScholastic Inc. | ||
| 260 | _c2002 | ||
| 300 | _a1 volume (unpaged) : | ||
| 300 | _bcolor illustrations ; | ||
| 300 | _c28 cm | ||
| 650 | _aEcology -- | ||
| 650 | _aForest animals -- | ||
| 650 | _aForest ecology -- | ||
| 650 | _aTrees -- | ||
| 650 | _aTrees -- Ecology -- | ||
| 650 | _xJuvenile literature. | ||
| 650 | _xJuvenile literature. | ||
| 650 | _xJuvenile literature. | ||
| 650 | _xJuvenile literature. | ||
| 650 | _xJuvenile literature. | ||
| 700 | _a640 | ||
| 999 |
_c298961 _d298961 |
||